Statistics for Car Companies Quiz

Click here to take the quiz!

General Stats

  • This quiz has been taken 33 times
  • The average score is 53 of 367

Answer Stats

Answer% Correct
Ford
92%
Ferrari
88%
Mercedes
88%
Lamborghini
85%
Toyota
85%
BMW
81%
Nissan
81%
Honda
77%
Audi
73%
Chevrolet
73%
CItroen
73%
Hyundai
73%
Porsche
73%
Kia
69%
Mazda
69%
Suzuki
69%
Volkswagen
69%
Volvo
69%
Dodge
65%
Fiat
65%
Maserati
65%
Mitsubishi
65%
Peugeot
65%
Renault
65%
Seat
62%
Bentley
58%
Cadillac
58%
Jaguar
58%
Opel
58%
Skoda
58%
Bugatti
54%
Jeep
54%
Mclaren
54%
Tata
54%
Aston Martin
50%
Buick
50%
Rolls Royce
50%
Tesla
50%
AC
46%
GMC
46%
Lada
46%
Lexus
46%
Saab
46%
Acura
42%
Alfa Romeo
42%
Chrysler
42%
Land Rover
42%
Mini
42%
Subaru
42%
Dacia
38%
Daewoo
38%
Infiniti
38%
Lincoln
38%
Lotus
38%
Pontiac
38%
RAM
38%
Holden
35%
Hummer
35%
MAN
35%
MG
35%
Pagani
35%
Rover
35%
Smart
35%
Vauxhall
35%
Austin
31%
Daihatsu
31%
Geely
31%
Isuzu
31%
Lancia
31%
Mercury
31%
Oldsmobile
31%
Saturn
31%
Alpine
27%
Koenigsegg
27%
Polestar
27%
Scania
27%
SsangYong
27%
Abarth
23%
AMC
23%
DAF
23%
Datsun
23%
Fisker
23%
Maybach
23%
Morris
23%
Plymouth
23%
BYD
19%
Caterham
19%
DeLorean
19%
DS
19%
Genesis
19%
Hudson
19%
International
19%
Lucid
19%
Mahindra
19%
Saleen
19%
Scion
19%
Ariel
15%
Chery
15%
Daimler
15%
DeSoto
15%
GAZ
15%
Geo
15%
Iveco
15%
Karma
15%
KTM
15%
Mack
15%
Morgan
15%
Noble
15%
Peterbilt
15%
Proton
15%
Rivian
15%
Spyker
15%
TVR
15%
Aixam
12%
Ascari
12%
Donkervoort
12%
Duesenberg
12%
Freightliner
12%
Hennessey
12%
Hino
12%
JAC
12%
Kenworth
12%
Ligier
12%
Nio
12%
Sterling
12%
Studebaker
12%
Tatra
12%
Triumph
12%
Vinfast
12%
Zenvo
12%
ABT
8%
Auburn
8%
BAC
8%
Canoo
8%
Cole
8%
De Tomaso
8%
Dongfeng
8%
Faraday Future
8%
FAW
8%
Foton
8%
Great Wall
8%
Jensen
8%
Landwind
8%
Lifan
8%
Maxus
8%
Merkur
8%
Microcar
8%
Mitsuoka
8%
Navistar
8%
Paccar
8%
Packard
8%
Panoz
8%
Perodua
8%
Western Star
8%
W Motors
8%
Zastava
8%
ZAZ
8%
Alvis
4%
Apollo
4%
Arash
4%
ArcFox
4%
Arrinera
4%
Artega
4%
Aspark
4%
Bowler
4%
Brammo
4%
Brilliance
4%
Byton
4%
Caparo
4%
Changan
4%
DKW
4%
Eagle
4%
Edsel
4%
Eicher
4%
Elemental
4%
Force
4%
FPV
4%
Hafei
4%
Haima
4%
Hillman
4%
Hupmobile
4%
IH
4%
IKCO
4%
Irizar
4%
Iso
4%
JMC
4%
Kaiser
4%
Lister
4%
Lordstown
4%
Luxgen
4%
Lynk & Co
4%
Marcos
4%
Mastretta
4%
Mazzanti
4%
Mosler
4%
Radical
4%
Rambler
4%
Rimac
4%
Rinspeed
4%
Roewe
4%
RUF
4%
Simca
4%
Stutz
4%
Talbot
4%
Trion
4%
Troller
4%
Tucker
4%
Ultima
4%
Vector
4%
VLF
4%
Wartburg
4%
Westfield
4%
Wiesmann
4%
Willys-Overland
4%
Wuling
4%
Zenos
4%
9ff
0%
Abadai
0%
Abott Detroit
0%
Alta
0%
Always
0%
ARO
0%
Arrival
0%
Askam
0%
Atalanta
0%
Autobacs
0%
Autobianchi
0%
Axom
0%
BAIC Motor
0%
Baojun
0%
BeiBen
0%
Berkeley
0%
Berliet
0%
Bertone
0%
Bestune
0%
BharatBenz
0%
Bitter
0%
Bizzarrini
0%
Borgward
0%
Bristal
0%
Brooke
0%
Bufori
0%
Calsson
0%
CAMC
0%
Changfeng
0%
Cisitalia
0%
Cizeta
0%
Corre La Licorne
0%
Dartz
0%
David Brown
0%
Dayun
0%
Delage
0%
Detroit Electric
0%
Devel
0%
Diatto
0%
DINA
0%
Drako Motors
0%
EDAG
0%
Elfin
0%
Elva
0%
Englon
0%
ERF
0%
Eterniti
0%
Exceed
0%
Facel Vega
0%
FAW Jiefang
0%
Fioravanti
0%
Foden
0%
Franklin
0%
FSO
0%
GAC Group
0%
Gardner Douglas
0%
Geometry
0%
Gilbern
0%
Gillet
0%
Ginetta
0%
Golden Dragon
0%
Gonow
0%
Grinnall
0%
Gumpert
0%
Haval
0%
Hawtai
0%
Higer
0%
Hindustan Motors
0%
HiPhi
0%
Hispano-Suiza
0%
Hommell
0%
Hongqi
0%
Hongyan
0%
Horch
0%
HSV
0%
IC Bus
0%
Innocenti
0%
Intermeccanic
0%
Isdera
0%
Jawa
0%
JBA Motors
0%
Jetta Maz
0%
Kamaz
0%
Karlmann King
0%
Keating
0%
King Long
0%
Lagonda
0%
Laraki
0%
Leapmotor
0%
Levc
0%
Leyland
0%
Li Auto
0%
Lloyd
0%
Lobini
0%
Marlin
0%
Melkus
0%
MEV
0%
MK
0%
Nevs
0%
Nikolo
0%
Oltcit
0%
OSCA
0%
Panhard
0%
Pegaso
0%
PGO
0%
Pierce-Arrow
0%
Pininfarina
0%
Praga
0%
Premier
0%
Prodrive
0%
Qoros
0%
Ranz
0%
Rezvani
0%
Riley
0%
Ronart
0%
Rossion
0%
Saic Motor
0%
Saipa
0%
Setra
0%
Shacman
0%
Singer
0%
Singulato
0%
Sinotruk
0%
Sisu
0%
Soueast
0%
Spania GTA
0%
Spirra
0%
SSC
0%
Suffolk
0%
Tauro Sport Auto
0%
Techart
0%
Tramontana
0%
UAZ
0%
UD
0%
Vandenbrink
0%
Vencer
0%
Venturi
0%
Venucia
0%
Wanderer
0%
Weltmeister
0%
WEY
0%
Workhorse
0%
XPeng
0%
Yulon
0%
Yutong
0%
Zarooq Motors
0%
Zeekr
0%
Zhongtong
0%
Zinoro
0%
Zotye
0%

Score Distribution

Percentile by Number Answered

Percent of People with Each Score

Your Score History

You have not taken this quiz